000 00523nam a2200169Ia 4500
005 20250508160148.0
008 008 250505s9999 xx 000 0 eng d
037 _aTextual
040 _aFEDL
_beng
_cFEDL
041 _aeng
_2eng
084 _a370.193, NCE
_qFEDL
245 0 _aSchool and the community : A book of short stories
260 _aFaridabad, India
_bNational Council of Educational Research and Training
_c1969
300 _a47p.
942 _cTEXL
_h370.193, NCE
999 _c1362333
_d1362333